| 000 | 00460nam a2200181 a 4500 | ||
|---|---|---|---|
| 001 | 21442 | ||
| 005 | 20180713215159.0 | ||
| 008 | 140415s1979 mx 000 0 spa d | ||
| 041 | _aspa | ||
| 082 |
_a371.102 _bDAV |
||
| 100 | 1 | _aDAVIES, IVAR K. | |
| 245 | 1 | 0 | _aDIRECCION DEL APRENDIZAJE |
| 250 | _a1a ed. | ||
| 260 |
_aMEXICO : _bDIANA, _c1979 |
||
| 300 | _a351 | ||
| 650 | 1 | 4 |
_aEDUCACION _xENSEANZA |
| 700 | 1 |
_aVILLAGOMEZ, FRANCISCO _etr. |
|
| 999 |
_c21442 _d21442 |
||